Kollokationen in der Börsensprache Eine kontrastive Fallstudie

Salvato in:
Dettagli Bibliografici
Autore principale: Kalaš, Filip, 1993-
Altri autori: Lišková, Danuša, Zavrl, Irena
Natura: Libro
Lingua:tedesco
Pubblicazione: Hamburg Verlag Dr. Kovač 2020
Edizione:1. Auflage
Serie:Schriften zur Vergleichenden Sprachwissenschaft Band 31
Soggetti:
Tags: Aggiungi Tag
Nessun Tag, puoi essere il primo ad aggiungerne!!

MARC

LEADER 00000nam a2200000 4500
001 0281517
005 20240417073813.0
020 |a 978-3-339-11890-5 
020 |a 978-3-339-11891-2 
041 0 |a ger 
044 |a DE 
245 1 0 |a Kollokationen in der Börsensprache  |b Eine kontrastive Fallstudie  |c Filip Kalaš ; Rezensenten: Danuša Lišková, Irena Zavrl 
250 |a 1. Auflage 
264 1 |a Hamburg  |b Verlag Dr. Kovač  |c 2020 
300 |a 124 s. [6,91 AH] 
490 1 |a Schriften zur Vergleichenden Sprachwissenschaft  |v Band 31 
830 0 |a Schriften zur Vergleichenden Sprachwissenschaft  |v Band 31 
610 2 0 |a jazykoveda 
610 2 0 |a jazyky cudzie 
610 2 0 |a jazyk odborný 
610 2 0 |a burzy 
610 2 0 |a štúdie prípadové 
610 2 0 |a lexikológia 
610 2 0 |a frazeológia 
100 1 |a Kalaš, Filip, 1993- 
700 1 |a Lišková, Danuša 
700 1 |a Zavrl, Irena